[Event "Wch U18"]
[Site "Montesilvano"]
[Date "2023.11.14"]
[Round "2"]
[White "Frank, Adam"]
[Black "Giordani, Luca"]
[Result "1-0"]
[WhiteElo "2330"]
[BlackElo "1930"]
[PlyCount "69"]
[EventDate "2023.11.13"]
[EventType "swiss"]
[EventRounds "11"]
[EventCountry "ITA"]
[SourceTitle "CB48_2023"]
[SourceDate "2023.11.29"]
[SourceVersion "1"]
[SourceVersionDate "2023.11.29"]
[SourceQuality "1"]

1. e4 c5 2. Nf3 d6 3. d4 cxd4 4. Nxd4 Nf6 5. Nc3 a6 6. Bg5 Nbd7 7. Qe2 h6 8. Bh4 g6 9. f4 Bg7 10. 0-0-0 Qc7 11. g4 0-0 12. Bg2 Nb6 13. h3 Qc4 14. Rhe1 Qxe2 15. Rxe2 e5 16. fxe5 dxe5 17. Nb3 Nc4 18. Nc5 b6 19. Nd3 Re8 20. b3 Na5 21. Nb4 Rb8 22. Ncd5 Nxd5 23. exd5 Bf8 24. d6 Bd7 25. Nxa6 Bb5 26. Nxb8 g5 27. Ree1 gxh4 28. Rd5 Rxb8 29. Rxb5 Bxd6 30. Rd1 Bc5 31. Rd7 h5 32. gxh5 f5 33. Bd5+ Kh8 34. b4 Be3+ 35. Kd1 1-0

[Event "ITA-ch U20"]
[Site "Tarvisio"]
[Date "2023.07.04"]
[Round "3"]
[White "Disanti, Nicola"]
[Black "Giordani, Luca"]
[Result "0-1"]
[WhiteElo "1773"]
[BlackElo "1948"]
[PlyCount "82"]
[EventDate "2023.07.02"]
[EventType "swiss"]
[EventRounds "9"]
[EventCountry "ITA"]
[SourceTitle "EXT 2024"]
[Source "ChessBase"]
[SourceDate "2023.10.10"]
[SourceVersion "1"]
[SourceVersionDate "2023.10.10"]
[SourceQuality "1"]

1. e4 c5 2. b3 d6 3. Bb2 Nc6 4. Bb5 Bd7 5. f4 a6 6. Bxc6 Bxc6 7. Qe2 e6 8. Nf3 Nf6 9. d3 Be7 10. 0-0 Qc7 11. Nbd2 b5 12. Kh1 Qb7 13. Ng5 h6 14. Nh3 Rg8 15. Rae1 g6 16. e5 Nd7 17. Ne4 d5 18. Nd2 d4 19. c3 dxc3 20. Bxc3 0-0-0 21. Ba5 Nb6 22. Ne4 Rd4 23. Nhf2 Nd5 24. Bd2 Kb8 25. Rc1 Nb4 26. Bxb4 Rxb4 27. Rg1 Rc8 28. Qe3 Bxe4 29. Nxe4 Qd5 30. Rc3 Rd4 31. a3 Rd8 32. Nf2 g5 33. f5 exf5 34. Rgc1 Qe6 35. b4 g4 36. bxc5 Bg5 37. Qe1 Bxc1 38. c6 Rc8 39. Qxc1 Qxe5 40. a4 Rxa4 41. Rc5 Ra1 0-1

[Event "ITA-ch U20"]
[Site "Tarvisio"]
[Date "2023.07.02"]
[Round "1"]
[White "Huang, Andy1111"]
[Black "Giordani, Luca"]
[Result "0-1"]
[WhiteElo "2260"]
[BlackElo "1948"]
[PlyCount "78"]
[EventDate "2023.07.02"]
[EventType "swiss"]
[EventRounds "9"]
[EventCountry "ITA"]
[SourceTitle "EXT 2024"]
[Source "ChessBase"]
[SourceDate "2023.10.10"]
[SourceVersion "1"]
[SourceVersionDate "2023.10.10"]
[SourceQuality "1"]

1. d4 Nf6 2. g3 g6 3. Bg2 Bg7 4. Nf3 0-0 5. 0-0 d6 6. c4 Nbd7 7. Nc3 c6 8. e4 e5 9. dxe5 Nxe5 10. Nxe5 dxe5 11. Qc2 Qc7 12. b3 Rd8 13. h3 Nd7 14. Be3 Nf8 15. Na4 Ne6 16. Rfd1 Nd4 17. Qb2 Qe7 18. Nc3 Be6 19. Ne2 Rd7 20. Bxd4 exd4 21. Rd3 f5 22. Nf4 fxe4 23. Bxe4 Bf7 24. Bh1 Re8 25. Qd2 g5 26. Ng2 Qe2 27. Re1 Qxd2 28. Rxe8+ Bxe8 29. Rxd2 d3 30. Ne1 Bg6 31. g4 Bc3 32. Nf3 Bxd2 33. Nxd2 Re7 34. Bf3 Re1+ 35. Kg2 Ra1 36. Be4 Rxa2 37. Bxg6 hxg6 38. Nb1 d2 39. Nc3 Rc2 0-1

[Event "Montesilvano Easter op 6th"]
[Site "Montesilvano"]
[Date "2021.04.04"]
[Round "4"]
[White "Bettalli, Francesco"]
[Black "Giordani, Luca"]
[Result "1/2-1/2"]
[WhiteElo "2268"]
[BlackElo "1987"]
[PlyCount "42"]
[EventDate "2021.04.02"]
[EventType "swiss"]
[EventRounds "6"]
[EventCountry "ITA"]
[SourceTitle "CBM 201 Extra"]
[Source "ChessBase"]
[SourceDate "2021.05.31"]
[SourceVersion "1"]
[SourceVersionDate "2021.05.31"]
[SourceQuality "1"]

1. d4 Nf6 2. c4 g6 3. Nc3 Bg7 4. e4 d6 5. Nf3 0-0 6. Be2 Na6 7. 0-0 e5 8. d5 Nc5 9. Qc2 a5 10. Ne1 Ne8 11. Nd3 f5 12. Nxc5 dxc5 13. f4 exf4 14. Bxf4 Bd4+ 15. Kh1 g5 16. Bd2 f4 17. g3 Bh3 18. gxf4 Bxf1 19. Rxf1 gxf4 20. Bxf4 Ra6 21. e5 Rg6 1/2-1/2